Statistiques concernant One Piece - Armée Révolutionnaire

Cliquez ici pour prendre le quiz!

Statistiques générales

  • Ce quiz a été pris 1 020 fois
    (993 depuis la dernière actualisation)
  • Le résultat moyen est 8 sur 13

Statistiques - réponses

Nom% Correct
Monkey D. Dragon
100%
Sabo
99%
Ivankov
90%
Koala
87%
Inazuma
78%
Bartholomew Kuma
77%
Belo Betty
56%
Hack
56%
Morley
51%
Karasu
48%
Lindbergh
39%
Bunny Joe
9%
Terry Gilteo
6%

Distribution des résultats

Percentile par nombre de réponses

% des personnes avec chaque résultat

Votre développement - résultats

Vous n’avez pas pris ce quiz depuis la dernière actualisation